Statistics for Teams Huntelaar has played for

Click here to take the quiz!

General Stats

  • This quiz has been taken 18 times
  • The average score is 4 of 8

Answer Stats

Answer% Correct
Ajax
88%
Real Madrid
82%
Schalke
82%
Milan
59%
PSV
53%
Heerenveen
18%
AGOVV
6%
De Graafschap
6%

Score Distribution

Percentile by Number Answered

Percent of People with Each Score

Your Score History

You have not taken this quiz